| 000 | 00351nam a2200145Ia 4500 | ||
|---|---|---|---|
| 008 | 230312s9999||||xx |||||||||||||| ||und|| | ||
| 020 | _a1-56367-531-7 | ||
| 082 |
_a741.6 _bSCA-I |
||
| 100 | _aScalise;Christina,M | ||
| 245 | 0 | _aInterior Design Illustrated | |
| 260 |
_bFairchild _aUK _c2008 |
||
| 300 | _a423 | ||
| 650 | _aArchitecture | ||
| 942 | _cBK | ||
| 999 |
_c12012 _d12012 |
||